=LDR 00000nam 2200000 4500 =001 INLIS000000000034545 =005 20200225083643 =035 ##$$a 0010-061300000034545 =008 200225################g##########0#ind## =041 ##$$a Ind =082 ##$$a 153.7 =090 ##$$a 153.9, Lat l =245 ##$$a Latihan otak : $b Optimalisasi fungsi 10 menit dalam sehari selama 30 hari dengan metode friz brain /$c Tim Power Brain ; editor, Fritz Sumantri, Sr., SpS. dan Dr. Ratih Purwarini =260 ##$$a Bandung :$b Jembar,$c 2007 =300 ##$$a 80 hlm. : $b ilus. ; $c 14 x 21 cm =650 #4$$a Kecerdasan =850 ##$$a NBPNMAT =020 ##$$a 979-9481-67-8 =084 ##$$a 153.7 LAT =250 ##$$a cet. 2 =700 #$$a Fritz Sumantri =700 #$$a Ratih Purwarini =990 ##$$a 21006976 =990 ##$$a 21006973 =990 ##$$a 21006975